Regretevator NPCs - Statistics

General Stats
  • This quiz has been taken 140 times
  • The average score is 18 of 23
Answer Stats
Hint Answer % Correct
Evil Alien Gnarpy
94%
Conspiracy Theorist Bive
90%
Banana Snail Split
90%
Doctor DrRetro
88%
Kasper Infected
88%
Festivities PartyNoob
86%
Stealing Bug Pest
86%
Cement Hoarder Wallter
86%
Anime Girl STAT
84%
Nightmare Feeder Folly
82%
Construction Worker Mannequin_Mark
82%
Germophobe Lampert
78%
Evil Rock MR
78%
Rejected Clown Pilby
78%
Robotic Model Prototype
76%
Floppy Hoarder Scag
76%
Princess of Hell Mozelle
75%
Children's Mascot Reddy
75%
Camp Counselor Spud!
75%
Cat Jermbo
73%
Robot Girl Melanie
71%
Shapeshifter FleshCousin
67%
Off-Putting Unpleasant
63%
No matching quizzes found
Score Distribution
Percent of People with Each Score
Percentile by Number Answered
Your Score History
You have not taken this quiz